Statistics for 70s Singers by Picture

Click here to take the quiz!

General Stats

  • This quiz has been taken 324 times
  • The average score is 17 of 24

Answer Stats

Answer% Correct
Elton John
96%
Bob Marley
90%
Dolly Parton
90%
Stevie Wonder
89%
Olivia Newton-John
87%
Bruce Springsteen
86%
Rod Stewart
86%
Billy Joel
83%
John Denver
83%
Donna Summer
81%
Barbra Streisand
80%
Barry Manilow
74%
Kenny Rogers
71%
Paul Simon
71%
Bette Midler
69%
Barry White
64%
Cat Stevens
63%
Carole King
53%
Jim Croce
53%
Van Morrison
53%
Jimmy Buffett
48%
Linda Ronstadt
43%
Harry Chapin
32%
Gordon Lightfoot
31%

Score Distribution

Percentile by Number Answered

Percent of People with Each Score

Your Score History

You have not taken this quiz